Primera misión internacional : misión a Chile : memorias /
Guardat en:
| Autor principal: | |
|---|---|
| Altres autors: | |
| Format: | Electrònic eBook |
| Idioma: | espanyol |
| Publicat: |
Cali, Valle del Cauca, Colombia :
Universidad Autónoma de Occidente,
[2012]
|
| Edició: | Primera edición. |
| Col·lecció: | Pre-Textos (Universidad Autónoma de Occidente (Cali, Colombia))
|
| Matèries: | |
| Accés en línia: | Digitalia Hispánica |
| Etiquetes: |
Afegir etiqueta
Sense etiquetes, Sigues el primer a etiquetar aquest registre!
|
MARC
| LEADER | 00000nam a2200000Ii 4500 | ||
|---|---|---|---|
| 001 | DIGUAOCCTE0100 | ||
| 003 | NyNyDIG | ||
| 006 | m o d | ||
| 007 | cr ||||||||||| | ||
| 008 | 240915s2012 ck a ob 000 0 spa d | ||
| 035 | |a (OCoLC)1456948192 | ||
| 040 | |a DGITA |b eng |e rda |e pn |c DGITA | ||
| 043 | |a s-ck--- |a s-cl--- | ||
| 050 | 1 | 4 | |a HF1371 ebook |
| 245 | 0 | 0 | |a Primera misión internacional : |b misión a Chile : memorias / |c profesor orientador, Rafael Antonio Muñoz ; autores, Angela Teresa Beltrán Bustos [and 16 others]. |
| 250 | |a Primera edición. | ||
| 264 | 1 | |a Cali, Valle del Cauca, Colombia : |b Universidad Autónoma de Occidente, |c [2012] | |
| 300 | |a 1 online resource : |b illustrations. | ||
| 336 | |a text |b txt |2 rdacontent | ||
| 337 | |a computer |b c |2 rdamedia | ||
| 338 | |a online resource |b cr |2 rdacarrier | ||
| 347 | |a text file |2 rdaft | ||
| 347 | |b PDF | ||
| 490 | 1 | |a Pre-Textos, |x 2011-7795 | |
| 504 | |a Includes bibliographical references. | ||
| 588 | 0 | |a Online resource; title from PDF title page (Digitalia, viewed September 15, 2024) | |
| 650 | 0 | |a International trade. | |
| 651 | 0 | |a Chile |x Commerce. | |
| 651 | 0 | |a Colombia |x Commerce. | |
| 700 | 1 | |a Muñoz, Rafael Antonio, |e editor. | |
| 700 | 1 | |a Beltrán Bustos, Ángela Teresa, |e author. | |
| 791 | 2 | |a Digitalia (Firm), |e distributor. | |
| 793 | 0 | |g Digitalia eBook Collection: |a Universidad Autónoma de Occidente | |
| 830 | 0 | |a Pre-Textos (Universidad Autónoma de Occidente (Cali, Colombia)) | |
| 856 | 4 | 0 | |3 Digitalia Hispánica |u https://digitalia.unach.elogim.com/a/47626/ |
| 910 | |a Premium collection: 2024 | ||